• 首页
  • 本馆介绍
  • 公告通知
  • 最新文献
  • 馆藏检索
  • 电子资源
  • 读者导购
  • 参考咨询
  • 我的图书馆
  • 登录
  • 详细信息显示
  • 放入我的书架
  • 预约/预借图书
  • 作者相关作品
  • 分类相关作品
  • 丛书相关作品
  • 出版社相关作品

书目信息

  • 表格格式
  • 工作单格式
  • 卡片格式
题名:
问责与改进
    
 
作者: 林杰 主编
分册:  
出版信息: 济南   山东教育出版社  2015.11
页数: 608页
开本: 24cm
丛书名:
单 册:
中图分类: G40-059.3
科图分类:
主题词: 比较教育学--bi jiao jiao yu xue
电子资源:
ISBN: 978-7-5328-9158-0
000 01120nam0 2200265 450
001 0104125645
005 20201104125714.0
010    @a978-7-5328-9158-0@dCNY69.00
100    @a20160129e20192015em y0chiy50 ea
101 0  @achi@eeng
102    @aCN@b370000
105    @ay z 000yy
106    @ar
200 1  @a问责与改进@Awen ze yu gai jin@e高等教育评估与质量保障@f林杰本卷主编
210    @a济南@c山东教育出版社@d2015.11@h2019.05
215    @a608页@d24cm
300    @a中国比较教育研究50年
314    @a林杰,1975年生,安徽滁州人,现为北京师范大学国际与比较教育研究院教授。2003年毕业于北京大学,获高等教育学博士学位。主要研究方向为:高等教育组织理论、大学教师发展、学术职业、通识教育。
330    @a本书汇总世界各国各级各类教育改革与实践的经验教训和国内研究者的研究成果,勾画出近三十年来世界高等教育评估和质量保障的主要内容与走势。
517 1  @a高等教育评估与质量保障@Agao deng jiao yu ping gu yu zhi liang bao zhang
606 0  @a比较教育学@Abi jiao jiao yu xue
690    @aG40-059.3@v5
701  0 @a林杰@Alin jie@f(1975-)@4主编
801  0 @aCN@bBJSZM@c20201104
905    @b1261878-81@dG40-059.3@e1130@f4
    
    问责与改进:高等教育评估与质量保障/林杰本卷主编.-济南:山东教育出版社,2015.11(2019.05)
    608页;24cm
    中国比较教育研究50年
    
    ISBN 978-7-5328-9158-0:CNY69.00
    本书汇总世界各国各级各类教育改革与实践的经验教训和国内研究者的研究成果,勾画出近三十年来世界高等教育评估和质量保障的主要内容与走势。
●
相关链接 在E读中查询图书 在五车中查询图书 在当当中查询图书 在豆瓣中查询图书


正题名:问责与改进     索取号:G40-059.3/1130         预约/预借

序号 登录号 条形码 馆藏地/架位号 状态 备注
1 1261878   212618782   第一样本阅览室/ [索取号:G40-059.3/1130] 在馆    
2 1261879   212618791   教育系资料室/ [索取号:G40-059.3/1130] 在馆    
3 1261880   212618808   教育系资料室/ [索取号:G40-059.3/1130] 在馆    
4 1261881   212618817   第四借阅区/ [索取号:G40-059.3/1130] 在馆    
唐山师范学院图书馆 欢迎您!
大连网信软件有限公司© 版权所有